000 00500nam a2200157Ia 4500
999 _c19994
_d19994
003 OSt
005 20200605104715.0
008 190216s9999||||xx |||||||||||||| ||und||
040 _coclc
082 _a320.50954
_bKAR/I
100 _aKarunakaran, K P
_91050
245 0 _aIndian Politics Form Dadabhai Naoroji To Gandhi /
_cK P Karunakaran
260 _bGitanjali Publishing House,
_c1988.
_aNew Delhi:
300 _a226p
942 _cBK
_2ddc
_h320.50954
_iKAR/I
_k320.50954
_mKAR/I